Creación de la Escuela Municipal de Música / por Isidre Clopas Batlle
Publicado:
San Jorge, núm. 78 (2n trimestre 1970), pàg 106 :
Materias:
Escola Municipal de Música de Martorell
MARC
| LEADER | 00000nam a2200000Ia 4500 | ||
|---|---|---|---|
| 001 | |||
| 008 | 160829s9999 xx 000 0 cat d | ||
| 100 | 1 | |a Clopas i Batlle, Isidre, |d 1913-2001 |9 24339 | |
| 245 | |a Creación de la Escuela Municipal de Música / por Isidre Clopas Batlle | ||
| 260 | |a San Jorge, núm. 78 (2n trimestre 1970), pàg 106 | ||
| 650 | |a Escola Municipal de Música de Martorell |9 40350 | ||
| 901 | |a Arxiu | ||
| 942 | |n 1 | ||
| 952 | |0 0 |1 0 |4 0 |7 1 |9 49618 |a Arxiu |b Arxiu |d 2016-12-01 |l 0 |r 2016-12-01 00:00:00 |w 2016-12-01 |y ARXIU | ||
| 999 | |c 53460 |d 53460 | ||